000
00326nam a2200133Ia 4500
008
240624s9999 xx 000 0 und d
041
_a
eng
082
_a
891.46 KIN
100
_a
KINIKAR ROY
245
_a
MANUSH AANI SAHITYA
260
_c
2008
_a
Pune
_b
Diamond Publication
300
_a
346 : p. : cm. ; 21
365
_c
RS
_b
20
999
_c
11733
_d
11733